| 000 | 02607nkm0a2200457 4500 | ||
|---|---|---|---|
| 001 | RU\NLR\BIBL_A\011966244 | ||
| 005 | 20260628180846.0 | ||
| 035 | _a(NLR Aleph) 011966244 | ||
| 071 | 5 | 0 | _d5 к. |
| 090 |
_a13740417 _c13740417 |
||
| 100 | _a20190321d1905 u y0rusy50 ca | ||
| 101 | 0 | _arus | |
| 102 | _aRU | ||
| 116 | _adiycxx bk ae | ||
| 135 | _acrcn 024anaba | ||
| 200 | 1 |
_aИ вот, что-б скрыть пред целым миром Возможный ужас русских смут, В наемной лодочке, за "миром" Наш Витте тронулся в Портсмут ... _bИзоматериал _eоткрытое письмо |
|
| 210 |
_a[Б. м. _cб. и. _d1905?] |
||
| 215 |
_a1 л. _cцв. цинкогр. _d9,3х4,3 |
||
| 225 | 1 |
_a[С толпой безденежных пролазов ...] _v10 |
|
| 325 | _aКопия доступна в Электрон. б-ке РНБ | ||
| 517 | 1 | _aИ вот, чтоб скрыть пред целым миром Возможный ужас русских смут, В наемной лодочке, за "миром" Наш Витте тронулся в Портсмут ... | |
| 600 | 1 |
_aВитте _bС. Ю. _f1849 - 1915 _gСергей Юльевич _jОткрытки _xв карикатуре _92428032 _3RU\NLR\AUTH\6601663768 |
|
| 606 | 1 |
_aПочтовые открытки маркированные художественные _yРоссия _z1895 - 1917 _92195710 _3RU\NLR\AUTH\6601555036 |
|
| 606 | 1 |
_aКарикатура русская _jОткрытки _z20 в. _9962925 _3RU\NLR\AUTH\66359977 |
|
| 606 | 1 |
_aПолитическая карикатура _jОткрытки _z20 в. _92404165 _3RU\NLR\AUTH\661432902 |
|
| 606 | 1 |
_aПортсмутский договор _jОткрытки _z1905 _91954270 _3RU\NLR\AUTH\66894169 |
|
| 610 | 1 | _aПортретные открытки | |
| 686 | 0 | _aЩ153(2Р=Рус)53-489 | |
| 702 | 1 |
_4570 _7ca _8rus _aВитте _bС. Ю. _f1849-1915 _gСергей Юльевич _9112761 _3RU\NLR\AUTH\772753 |
|
| 852 | 0 | 0 |
_aNLR _bЭ _jОИр526к/33 _mЭот91096 |
| 856 | 0 | _uhttp://vivaldi.nlr.ru/lo000071969/view | |
| 856 | 1 | _uhttp://vivaldi.nlr.ru/lo000071969/cover | |
| 856 | 2 | _uhttp://vivaldi.nlr.ru/lo000071969/text | |
| 942 | _cVISUAL | ||
| 980 | _aNB | ||
| 981 | 1 | 7 |
_a(17) Изографические материалы _b(17) Открытки _bПортреты |